000 02578nam a22002537a 4500
999 _c62076
_d62076
003 Ge_BSU
005 20240731121651.0
008 240703s2023 ge ||||| |||| 00| 0 geo d
020 _a9781035500925
041 _ageo
080 _a657.6 (075.8)ა-90
245 _aაუდიტი და მარწმუნებელი მომსახურება ACCA :
_bსაერთაშორისო პროგრამა. (უმაღლესი დონე):სახელმძღვანელო /
_cრედ. თამარ ცუხიშვილი; მთარგმნ: ბაბი ალავერდაშვილი, ქართლოს ღვინიაშვილი, მაგდა კოჩაძე.
250 _aმეოთხე გამოცემა.
264 _a[თბილისი]:
_b დანი,
_c2023.
300 _a701 გვ.:
_b28 სმ.
500 _aსახელმძღვანელო თარგმნილი და განახლებული რედაქციით გამოცემულია საქართველოს პროფესიონალ ბუღალტერთა და აუდიტორთა ფედერაციის (ბაფი) მიერ BPP Learning Media Lid-ის ნებართვით. ACCA-ის მიერ დამტკიცებული სასწავლო ლიტერატურის პროვაიდერი BPP. სახელმძღვანელო გათვალისწინებულია ბუღალტერთა და აუდიტორთა პროფესიული სერტიფიცირებისათვის. იგი ასევე გამოადგება ეკონომიკური პროფილის სტუდენტებს, მაგისტრებს, ასპირანტებსა და პრაქტიკის სპეციალისტებს
653 _aბუღალტერია
653 _a აუდიტი.
700 _aცუხიშვილი, თამარ
_eრედაქტორი
_922698
700 _aალავერდაშვილი, ბაბი
_eმთარგმნელი
_97241
700 _aღვინიაშვილი, ქართლოს
_eმთარგმნელი
_922699
700 _aკოჩაძე, მაგდა
_eმთარგმნელი
_922700
942 _2udc
_cᲬᲘᲒᲜᲘ